|
|
|
|
| LEADER |
00684nab a2200193 i 4500 |
| 001 |
publ18213 |
| 005 |
20200212090348.0 |
| 008 |
200212s2013 hu o 0|| zxx d |
| 022 |
|
|
|a 2067-3809
|
| 024 |
7 |
|
|a 2182975
|2 mtmt
|
| 040 |
|
|
|a SZTE Publicatio Repozitórium
|b hun
|
| 041 |
|
|
|a zxx
|
| 100 |
1 |
|
|a Nagy Valéria
|
| 245 |
1 |
0 |
|a Emission testing used biogas and vegetable oils as fuels
|h [elektronikus dokumentum] /
|c Nagy Valéria
|
| 260 |
|
|
|c 2013
|
| 300 |
|
|
|a 129-132
|
| 490 |
0 |
|
|a ACTA TECHNICA CORVINIENSIS – BULLETIN OF ENGINEERING
|v 6 No. 1
|
| 700 |
0 |
1 |
|a Farkas Ferenc
|e aut
|
| 856 |
4 |
0 |
|u http://publicatio.bibl.u-szeged.hu/18213/1/ACTA-2013-1-21.doc-ACTA-2013-1-21.pdf
|z Dokumentum-elérés
|